Ocios diplomáticos / (Record no. 123973)

MARC details
000 -LEADER
campo de control de longitud fija 01613nam a2200337 i 4500
001 - NÚMERO DE CONTROL
campo de control 123973
003 - IDENTIFICADOR DE NÚMERO DE CONTROL
campo de control ES-MaACL
005 - FECHA Y HORA DE LA ÚLTIMA TRANSACCIÓN
campo de control 20251218135358.0
007 - CAMPO FIJO DE DESCRIPCIÓN FÍSICA--INFORMACIÓN GENERAL
campo de control de longitud fija t|
008 - DATOS DE LONGITUD FIJA--INFORMACIÓN GENERAL
campo de control de longitud fija 070214s1927 sp |||| | spa d
100 1# - ENTRADA PRINCIPAL--NOMBRE DE PERSONA
Nombre de persona Villa-Urrutia, Wenceslao Ramírez de Villa-Urrutia,
Títulos y otros términos asociados al nombre Marqués de,
Fechas asociadas al nombre 1850-1933
9 (RLIN) 114894
245 10 - MENCIÓN DEL TÍTULO
Título Ocios diplomáticos /
Mención de responsabilidad, etc. Marqués de Villa-Urrutia.
250 ## - MENCION DE EDICION
Mención de edición 2ª ed. corr. y aum.
260 ## - PUBLICACIÓN, DISTRIBUCIÓN, ETC.
Lugar de publicación, distribución, etc. Madrid :
Nombre del editor, distribuidor, etc. Francisco Beltrán Librería Española y Extranjera,
Fecha de publicación, distribución, etc. 1927 (
Fabricante Tip. Artística)
300 ## - DESCRIPCIÓN FÍSICA
Extensión 195 p. ;
Dimensiones 23 cm.
504 ## - NOTA DE BIBLIOGRAFÍA, ETC.
Nota de bibliografía, etc. Referencias bibliográficas.
505 8# - NOTA DE CONTENIDO CON FORMATO
Nota de contenido con formato Contiene: La jornada del Condestable de Castilla a Inglaterra para las paces de 1604 ; La Embajada de Lord Nottingham a España en 1605 ; Rubens diplomático ; Antonio Van Dyck ; Francisco de Vitoria, precursor de Grocio ; La literatura del derecho internacional en España durante el siglo XVII
530 ## - NOTA DISPONIBLE DE FORMULARIO FÍSICO ADICIONAL
Nota de formato físico adicional disponible Disponible en formato digital.
600 14 - PUNTO DE ACCESO ADICIONAL DE MATERIA--NOMBRE DE PERSONA
Nombre de persona Fernández de Velasco, Juan.
9 (RLIN) 157485
600 14 - PUNTO DE ACCESO ADICIONAL DE MATERIA--NOMBRE DE PERSONA
Nombre de persona Nottingham, Charles Howard
Títulos y otros términos asociados al nombre Earl of (
Fechas asociadas al nombre ca. 1536-1624)
9 (RLIN) 157486
600 14 - PUNTO DE ACCESO ADICIONAL DE MATERIA--NOMBRE DE PERSONA
Nombre de persona Rubens, Peter Paul.
9 (RLIN) 100291
600 14 - PUNTO DE ACCESO ADICIONAL DE MATERIA--NOMBRE DE PERSONA
Nombre de persona Dyck, Antoon van,
Fechas asociadas al nombre 1599-1641
9 (RLIN) 46405
600 14 - PUNTO DE ACCESO ADICIONAL DE MATERIA--NOMBRE DE PERSONA
Nombre de persona Vitoria, Francisco de.
9 (RLIN) 115517
650 #4 - PUNTO DE ACCESO ADICIONAL DE MATERIA--TÉRMINO DE MATERIA
Término de materia o nombre geográfico como elemento de entrada Derecho internacional-
Subdivisión geográfica España-
Subdivisión de forma Historia.
9 (RLIN) 157487
651 #4 - PUNTO DE ACCESO ADICIONAL DE MATERIA--NOMBRE GEOGRÁFICO
Nombre geográfico España-
Subdivisión general Relaciones-
Subdivisión geográfica Gran Bretaña.
9 (RLIN) 143992
651 #4 - PUNTO DE ACCESO ADICIONAL DE MATERIA--NOMBRE GEOGRÁFICO
Nombre geográfico Gran Bretaña-
Subdivisión general Relaciones-
Subdivisión geográfica España.
9 (RLIN) 143993
852 ## - LOCALIZACIÓN
Ubicación ES-MaACL
Número de control de estantería A-4603
Ubicación en estantería Sala Pecera Planta 1
856 4# - LOCALIZACIÓN Y ACCESO ELECTRÓNICOS
Identificador Uniforme de Recursos <a href="http://bdh-rd.bne.es/viewer.vm?id=0000200519&page=1 ">http://bdh-rd.bne.es/viewer.vm?id=0000200519&page=1 </a>
Texto de enlace (Biblioteca Digital Hispánica)
942 ## - ELEMENTOS DE ENTRADA SECUNDARIOS (KOHA)
Fuente del sistema de clasificación o colocación Clasificación decimal universal
Holdings
Estatus retirado Estado de pérdida Estado de daño No para préstamo Colección Biblioteca de origen Biblioteca actual Ubicación en estantería Fecha de adquisición Fuente de adquisición Total de préstamos Signatura topográfica completa Código de barras Visto por última vez Precio de reemplazo Tipo de ítem Koha
        Colección digital Biblioteca del Ateneo de Madrid Biblioteca del Ateneo de Madrid Sala Pecera Planta 1 17/01/2008     A-4603 1129161 23/02/2023 23/02/2023 Libro impreso